| 000 | 00564nam a2200193Ia 4500 | ||
|---|---|---|---|
| 999 |
_c8006 _d8006 |
||
| 003 | OSt | ||
| 005 | 20201009102633.0 | ||
| 008 | 190216s9999||||xx |||||||||||||| ||und|| | ||
| 020 | _a9788131725221 | ||
| 040 | _coclc | ||
| 082 |
_a005.276 _bDEI/I |
||
| 100 |
_aDeitel, P J _95342 |
||
| 245 | 0 |
_aInternet & World Wide Web How To Program / _cP J Deitel ; H M Deitel |
|
| 250 | _a4th Ed. | ||
| 260 |
_bPearson Education Asia, _c2013. _aNew Delhi: |
||
| 300 | _a1329p | ||
| 650 | _aCommerce | ||
| 942 |
_cBK _2ddc _h005.276 _iDEI/I _k005.276 _mDEI/I |
||